| 000 | 00859nam a2200277 4500 | ||
|---|---|---|---|
| 001 | 142297 | ||
| 003 | ES-MaACL | ||
| 005 | 20230906200504.0 | ||
| 007 | t| | ||
| 008 | 071004s1978 sp ||||0| spa d | ||
| 016 | 7 | _z05403028 | |
| 020 | _a84-7214-148-9 | ||
| 040 |
_aIBH _bspa _cM-BN-DP |
||
| 080 | _a552.4 | ||
| 100 | 1 |
_aWinkler, Helmut G. F. _9117089 |
|
| 245 | 1 | 0 |
_aPetrogénesis de rocas metamórficas / _cpor Helmut G. F. Winkler....; traducido [del inglés] por César Casquet... Mercedes Peinado. |
| 250 | _a1ª ed. | ||
| 260 |
_aMadrid : _bH. Blume, _c1978. |
||
| 300 |
_aVII, 346 p. : _bgráf. ; _c24 cm. |
||
| 504 | _aBibliografía. Öndices. | ||
| 650 | 1 | 4 |
_aRocas metamórficas. _916926 |
| 700 | 1 |
_aCasquet, César. _936335 |
|
| 700 | 1 |
_aPeinado, Mercedes. _989984 |
|
| 852 |
_aES-MaACL _jA-9704 _bR.98712 |
||
| 999 |
_c142297 _d142297 |
||